00425nam a22001337a 4500020001800000040000900018082001400027100002400041245005700065650003500122942001200157999001900169952010300188 a0000000492737 cNUST a641.5 MEE aNudrat Jahan980881 aMeethay Pakwan;bHalwa Jaat Aur Sweet Dish Ki Soghat aCooking-Meethay Pakwan 981596 2ddccBK c585760d585760 00102ddc4070aCEMEbCEMEcGENd2021-07-02l0o641.5 MEEpCEME-50050r2021-07-02w2021-07-02yBK